Catálogo público

Estudio de efectividad biólogica de fosforita y manejo convencional de mosquita blanca (Phaseolus vulgaris) en Chapingo, México / (Record no. 220694)

MARC details
000 -CABECERA
campo de control de longitud fija 03253nam a2200325 a 4500
003 - IDENTIFICADOR DEL NÚMERO DE CONTROL
campo de control OSt
005 - FECHA Y HORA DE LA ÚLTIMA TRANSACCIÓN
campo de control 20250812143902.0
007 - CAMPO FIJO DE DESCRIPCIÓN FÍSICA--INFORMACIÓN GENERAL
campo de control de longitud fija cr ||||||a|a|a
008 - DATOS DE LONGITUD FIJA--INFORMACIÓN GENERAL
campo de control de longitud fija 250626s2025 mx a|||fom||| 001 0 spa d
040 ## - FUENTE DE LA CATALOGACIÓN
Normas de descripción rda
100 1# - ENTRADA PRINCIPAL--NOMBRE DE PERSONA
Nombre de persona Marquez Vazquez, Guadalupe
9 (RLIN) 190548
245 10 - MENCIÓN DE TÍTULO
Título Estudio de efectividad biólogica de fosforita y manejo convencional de mosquita blanca (Phaseolus vulgaris) en Chapingo, México /
Mención de responsabilidad, etc. por Guadalupe Marquez Vazquez; director de tesis Jaime Alfredo Urzúa Gutiérrez; secretario Jose Ulises García Romero; vocal Calixto Leopoldo Carrillo Fonseca; suplente Artemio Rosas Meza; suplente Moises Camacho Tapia.
264 #1 - PRODUCCIÓN, PUBLICACIÓN, DISTRIBUCIÓN, FABRICACIÓN Y COPYRIGHT
Producción, publicación, distribución, fabricación y copyright Chapingo, México :
Nombre del de productor, editor, distribuidor, fabricante El autor,
Fecha de producción, publicación, distribución, fabricación o copyright 2024.
300 ## - DESCRIPCIÓN FÍSICA
Extensión 1 recurso en línea (88 páginas):
Otras características físicas cuadros, figuras.
336 ## - TIPO DE CONTENIDO
Fuente rdacontent
Término de tipo de contenido texto
Código de tipo de contenido txt
337 ## - TIPO DE MEDIO
Fuente rdamedia
Nombre/término del tipo de medio computadora
Código del tipo de medio c
338 ## - TIPO DE SOPORTE
Fuente rdacarrier
Nombre/término del tipo de soporte recurso en línea
Código del tipo de soporte cr
502 ## - NOTA DE TESIS
Tipo de título Ingeniero Agrónomo Especialista en Parasitología Agrícola
Nombre de la institución que otorga el título Departamento de Enseñanza, Investigación y Servicio en Parasitología Agrícola,
Año de obtención del título 2024.
Información miscelánea Licenciatura
504 ## - NOTA DE BIBLIOGRAFÍA, ETC.
Nota de bibliografía, etc. Incluye referencias bibliográficas: páginas 59-61.
520 ## - SUMARIO, ETC.
Sumario, etc. El frijol tiene sus orígenes en América, es un producto que forma parte de la dieta básica de la población mexicana desde la época prehispánica, por lo cual es parte fundamental de la identidad y nutrición de los pueblos; contiene antioxidantes de gran importancia para la salud humana ya que aporta proteínas y carbohidratos, se estima un consumo nacional de más de un millón de toneladas por año, lo cual implica al menos una producción de 1.69 millones de hectáreas por año; de acuerdo con (Sader, 2022) México se posiciona en la actualidad en el noveno lugar en exportación de frijol a nivel mundial. El presente trabajo de investigación realizado tuvo como objetivo evaluar la efectividad biológica de productos orgánicos y sintéticos en el control de Mosquita blanca (Bemisia tabaci) en cultivo de frijol. Para hacer posible el desarrollo del proyecto de investigación se implementó un análisis comparativo de cuatro tratamientos (Tierra fosforita en dosis de 40 gramos/4 Litros de agua y 80 gramos/4 Litros de agua, Abamectina a dosis de 8 mililitros/4 Litros de agua y Tiametoxam + Clorantraniliprol a dosis de 9.6 mililitros/4 Litros de agua) y un testigo aplicado a campo abierto, población de la plaga de interés, así como de la producción y rendimiento del cultivo seleccionado. Los resultados obtenidos muestran ser positivos en función a la protección que proporcionan hacia el sembradío al ser procesados en gráficas. Se concluye que el producto con un mayor espectro de control sobre la plaga corresponde a Tiametoxam + Clorantraniliprol, lo cual permite un mejor desarrollo del cultivo que se verá reflejado en la cosecha.
650 #4 - PUNTO DE ACCESO ADICIONAL DE MATERIA--TÉRMINO DE MATERIA
Término de materia o nombre geográfico como elemento de entrada Bemisia Tabaci
Subdivisión general Control
9 (RLIN) 129811
650 #4 - PUNTO DE ACCESO ADICIONAL DE MATERIA--TÉRMINO DE MATERIA
Término de materia o nombre geográfico como elemento de entrada Frijol
Subdivisión general Plagas
9 (RLIN) 43415
700 1# - PUNTO DE ACCESO ADICIONAL--NOMBRE DE PERSONA
Nombre de persona Urzúa Gutiérrez, Jaime Alfredo
Término indicativo de función/relación director de tesis.
9 (RLIN) 117018
700 1# - PUNTO DE ACCESO ADICIONAL--NOMBRE DE PERSONA
Nombre de persona García Romero, José Ulises
9 (RLIN) 46550
Término indicativo de función/relación secretario.
700 1# - PUNTO DE ACCESO ADICIONAL--NOMBRE DE PERSONA
Nombre de persona Carrillo Fonseca, Calixto Leopoldo
9 (RLIN) 19482
Término indicativo de función/relación vocal.
700 1# - PUNTO DE ACCESO ADICIONAL--NOMBRE DE PERSONA
Nombre de persona Rosas Meza, Artemio
9 (RLIN) 100031
Término indicativo de función/relación suplente.
700 1# - PUNTO DE ACCESO ADICIONAL--NOMBRE DE PERSONA
Nombre de persona Camacho Tapia, Moises
Término indicativo de función/relación suplente.
9 (RLIN) 17710
856 ## - LOCALIZACIÓN Y ACCESO ELECTRÓNICOS
Identificador Uniforme del Recurso http://10.13.5.2/tesis/tl/1911429-4_MARQUEZ_VAZQUEZ_GUADALUPE.pdf
Nota pública DESCARGAR PDF
942 ## - ELEMENTOS DE PUNTO DE ACCESO ADICIONAL (KOHA)
Fuente del sistema de clasificación o colocación Clasificación Universidad Autónoma Chapingo
Tipo de ítem Koha Tesis digital
Holdings
Estado de retiro Estado de pérdida Fuente del sistema de clasificación o colocación Estado dañado Restricciones de uso No para préstamo Código de colección Localización permanente Ubicación/localización actual Ubicación en estantería Fecha de adquisición Total de préstamos Signatura topográfica completa Fecha visto por última vez Precio válido a partir de Tipo de ítem Koha
    Clasificación Universidad Autónoma de Chapingo   Préstamo interno   Tesis digitales de Licenciatura Biblioteca Digital Biblioteca Digital En línea 26/06/2025   Tesis digital 26/06/2025 26/06/2025 Tesis digital